Chasing the sea : (Record no. 591665)

000 -LEADER
fixed length control field 01879cam a2200361 a 4500
001 - CONTROL NUMBER
control field 13053624
005 - DATE AND TIME OF LATEST TRANSACTION
control field 20221011112519.0
008 - FIXED-LENGTH DATA ELEMENTS--GENERAL INFORMATION
fixed length control field 030110s2003 nyub b 001 0deng
010 ## - LIBRARY OF CONGRESS CONTROL NUMBER
LC control number 2003042032
020 ## - INTERNATIONAL STANDARD BOOK NUMBER
International Standard Book Number 0375421300
040 ## - CATALOGING SOURCE
Original cataloging agency DLC
Transcribing agency DLC
Modifying agency DLC
043 ## - GEOGRAPHIC AREA CODE
Geographic area code a-uz---
-- a-kz---
050 00 - LIBRARY OF CONGRESS CALL NUMBER
Classification number DK944
Item number .B57 2003
082 00 - DEWEY DECIMAL CLASSIFICATION NUMBER
Classification number 915.8704/86
Author Mark BIS
100 1# - MAIN ENTRY--PERSONAL NAME
Personal name Bissell, Tom,
Dates associated with a name 1974-
9 (RLIN) 99807
245 10 - TITLE STATEMENT
Title Chasing the sea :
Remainder of title being a narrative of a journey through Uzbekistan, including descriptions of life therein, culminating with an arrival at the Aral Sea, the world's worst man-made ecological catastrophe, in one volume /
Statement of responsibility, etc. Tom Bissell.
250 ## - EDITION STATEMENT
Edition statement 1st ed.
260 ## - PUBLICATION, DISTRIBUTION, ETC.
Place of publication, distribution, etc. New York :
Name of publisher, distributor, etc. Pantheon Books,
Date of publication, distribution, etc. c2003.
300 ## - PHYSICAL DESCRIPTION
Extent xxi, 388 p. :
Other physical details maps ;
Dimensions 24 cm.
500 ## - GENERAL NOTE
General note Includes bibliographical references (p. 359-370) and index.
600 10 - SUBJECT ADDED ENTRY--PERSONAL NAME
Personal name Bissell, Tom,
Dates associated with a name 1974-
General subdivision Travel
Geographic subdivision Uzbekistan.
9 (RLIN) 99808
650 #0 - SUBJECT ADDED ENTRY--TOPICAL TERM
Topical term or geographic name entry element Environmental degradation
Geographic subdivision Aral Sea Region (Uzbekistan and Kazakhstan)
9 (RLIN) 99809
650 #0 - SUBJECT ADDED ENTRY--TOPICAL TERM
Topical term or geographic name entry element Nature
General subdivision Effect of human beings on
Geographic subdivision Aral Sea Region (Uzbekistan and Kazakhstan)
9 (RLIN) 99810
651 #0 - SUBJECT ADDED ENTRY--GEOGRAPHIC NAME
Geographic name Uzbekistan
General subdivision Description and travel.
9 (RLIN) 99811
651 #0 - SUBJECT ADDED ENTRY--GEOGRAPHIC NAME
Geographic name Aral Sea Region (Uzbekistan and Kazakhstan)
General subdivision History.
9 (RLIN) 99812
710 2# - ADDED ENTRY--CORPORATE NAME
Corporate name or jurisdiction name as entry element Gift in honor of the 50th Anniversary of the Peace Corps (Library of Congress)
Institution to which field applies DLC
9 (RLIN) 99813
856 42 - ELECTRONIC LOCATION AND ACCESS
Materials specified Contributor biographical information
Uniform Resource Identifier <a href="http://www.loc.gov/catdir/bios/random055/2003042032.html">http://www.loc.gov/catdir/bios/random055/2003042032.html</a>
856 41 - ELECTRONIC LOCATION AND ACCESS
Materials specified Sample text
Uniform Resource Identifier <a href="http://www.loc.gov/catdir/samples/random041/2003042032.html">http://www.loc.gov/catdir/samples/random041/2003042032.html</a>
856 42 - ELECTRONIC LOCATION AND ACCESS
Materials specified Publisher description
Uniform Resource Identifier <a href="http://www.loc.gov/catdir/description/random041/2003042032.html">http://www.loc.gov/catdir/description/random041/2003042032.html</a>
906 ## - LOCAL DATA ELEMENT F, LDF (RLIN)
a 7
b cbc
c orignew
d 1
e ocip
f 20
g y-gencatlg
942 ## - ADDED ENTRY ELEMENTS (KOHA)
Source of classification or shelving scheme
Koha item type Book
Holdings
Withdrawn status Lost status Source of classification or shelving scheme Damaged status Not for loan Permanent Location Current Location Shelving location Date acquired Source of acquisition Total Checkouts Full call number Barcode Date last seen Price effective from Koha item type
          Central Library (CL) Central Library (CL) Chinese Studies 10/11/2022 Donated by China Embassy   915.8704/86 BIS CL-D-1885 10/11/2022 10/11/2022 Book
© 2023 Central Library, National University of Sciences and Technology. All Rights Reserved.